00662nam a2200181Ia 4500952014700000999001700147003000400164005001700168008004100185040000900226082002200235100003700257245005600294260005800350300000900408650001300417942005000430 00102ddc40708SSaMESbMEScMALd2019-02-20g100.00l3m1o894.812301 POY/Tp31593r2020-02-25 00:00:00s2020-02-17w2019-02-20yBKzGR30R3 c28923d28923OSt20210112154754.0190216s9999||||xx |||||||||||||| ||und|| coclc a894.812301bPOY/T aPoythumkadavu, Shihabuddin96426 0aThiranjedutha Kathakal /cShihabuddin Poythumkadavu bMathrubhumi Printing & Publishing.aKozhikode:c2005. a200p aKathakal cBK2ddch894.812301iPOY/Tk894.812301mPOY/T